000 009670000a22002290004500
003 LK-CoMWRAF
005 20240203103716.0
008 230817t1999 ||||| |||| 00| 0 eng d
020 _a0850925932
040 _aLK-CoMWRAF
_dLK-CoMWRAF
_eLK-CoMWRAF
041 _aeng
082 _a305.3
_bTAY
100 _aTaylor, Viviene
245 _aA Quick Guide to Gender Mainstreaming in Development Planning
260 _aLondon:
_bCommonwealth Secretariat,
_c1999
300 _a40 p.
_bBibliography and glossary included
490 _aGender Management System Series
520 _aThis Quick Guide offers short, user-friendly coverage of 'Gender Mainstreaming in Development Planning', a larger, sectoral guide within the Management System (GMS) resource kit. GMS is an innovative system developed by the Commonwealth Secretariat for gender mainstreaming
650 _aSex discrimination- Developing countries
650 _aSex discrimination- Prevention
942 _cBK
999 _c261
_d261